000 00601nam a2200241Ia 4500
003 IT-RoPAU
008 120407s9999 xx 000 0 und d
040 _aIT-RoPAU
040 _cIT-RoPAU
041 _aita
100 _aCuthbert Butler
245 _aIl misticismo occidentale. Contemplazione e vita contemplativa nel pensiero di Agostino, Gregorio e Bernardo.
250 _aBologna
260 _aIl Mulino
260 _c1970
300 _a428 p.
300 _c21 cm
490 _aCollana di studi religiosi
490 _v1
600 _a1. Misticismo
942 _cBK
999 _c34475
_d34475